[Event "Hotel Bali Stars"]
[Site "Benidorm ESP"]
[Date "2003.11.29"]
[Round "11"]
[White "Mamedyarov,S"]
[Black "Romero Holmes,A"]
[Result "1-0"]
[WhiteElo "2595"]
[BlackElo "2544"]

1.d4 Nf6 2.Bg5 Ne4 3.Bh4 c5 4.Nd2 Qa5 5.c3 Nxd2 6.Qxd2 cxd4 7.cxd4 Qxd2+
8.Kxd2 e6 9.a3 Nc6 10.e3 b6 11.b4 Bb7 12.Bg3 Be7 13.Ne2 Rc8 14.Nc3 d5 15.Bd3 Kd7
16.f3 Bd6 17.Bf2 Bb8 18.h4 h5 19.g3 Ke7 20.Rac1 Rc7 21.Rc2 Rhc8 22.Rhc1 Nd8
23.g4 hxg4 24.fxg4 Kf8 25.g5 Re7 26.h5 e5 27.Ne2 Rxc2+ 28.Bxc2 Ne6 29.Rg1 exd4
30.exd4 Nf4 31.Bd1 Nh3 32.Rg2 Nf4 33.Nxf4 Bxf4+ 34.Kc2 Bc8 35.Bg3 Bf5+ 36.Kb2 Bxg3
37.Rxg3 Re1 38.Kc1 Rh1 39.Kd2 Be4 40.Rc3 Rh2+ 41.Kc1 Bf5 42.Rc7 Rh1 43.Kd2 Rh2+
44.Ke3 a5 45.bxa5 bxa5 46.Kf4 Rf2+ 47.Ke5 Be4 48.Ba4 Rf5+ 49.Kd6 Kg8 50.Be8 Rxg5
51.Bxf7+ Kh7 52.Rc8 Rg3 53.a4 Ra3 54.Be8 Rd3 55.Ke5 Re3 56.Kf4 Rf3+ 57.Kg5 Rf5+
58.Kg4 Rf6 59.Ra8 Rb6 60.Kg5 Rf6 61.Kg4 Re6 62.Bf7 Rf6 63.Bg8+ Kh6 64.Bxd5 Bf5+
65.Kh4 Bh7 66.Rh8 Rf4+ 67.Kg3 Rxd4 68.Bg8 Kxh5 69.Rxh7+ Kg6 70.Rh4 Rd3+ 71.Kf2 Kf6
72.Bc4 Rc3 73.Bb5 g5 74.Rh6+ Ke5 75.Ra6 g4 76.Rxa5 Kf4 77.Ra8 g3+ 78.Kg1 Rc1+
79.Bf1 Kf3 80.Rf8+ Ke3 81.a5 Ra1 82.a6 Ra2 83.Ra8 Kf3 84.a7 g2 85.Rf8+ Kg3
86.a8=Q  1-0

[Event "TCh-AUT 2003-4"]
[Site "Graz AUT"]
[Date "2003.11.30"]
[Round "3"]
[White "Perhinig,R"]
[Black "Wittmann,W"]
[Result "0-1"]
[WhiteElo "2224"]
[BlackElo "2333"]

1.d4 Nf6 2.Bg5 Ne4 3.Bh4 c5 4.f3 g5 5.fxe4 gxh4 6.e3 Qb6 7.b3 Bh6 8.Kf2 Nc6
9.c3 cxd4 10.cxd4 e5 11.Nf3 exd4 12.exd4 d5 13.exd5 Ne7 14.Nc3 Bg4 15.d6 Qxd6
16.Ne4 Qf4 17.Qd2 Qxd2+ 18.Nfxd2 O-O-O 19.Nf3 Nf5 20.Re1 Nxd4 21.Bc4 h3 22.Ne5 hxg2
23.Kxg2 Rhg8 24.Kf2 Bh5 25.Rhg1 Rxg1 26.Rxg1 Nf5 27.Re1 Nd6 28.Nf6 Nxc4 29.Nxc4 Bg6
30.h4 Bg7 31.Ne4 Rd4 32.Ned6+ Kd7 33.Nxb7 Rxh4 34.a4 Bf6 35.Ne5+ Kc7 36.Na5 Rf4+
37.Kg3 Bh4+ 38.Kxf4 Bxe1 39.Nac4 f6 40.Ng4 Bh4 41.b4 Bg5+ 42.Kf3 Bc2 43.a5 Ba4
44.Nge3 h5 45.Ke4 Bc6+ 46.Kf5 Bd7+ 47.Ke4 h4 48.Nd5+ Kc6 49.Na3 h3 50.b5+ Kc5  0-1

[Event "ch-IND National A"]
[Site "Calicut IND"]
[Date "2003.12.12"]
[Round "13"]
[White "Neelotpal,D"]
[Black "Roktim,B"]
[Result "0-1"]
[WhiteElo "2443"]
[BlackElo "2352"]

1.d4 Nf6 2.Bg5 Ne4 3.Bf4 d6 4.Qd3 d5 5.f3 Nf6 6.e4 e6 7.e5 Nfd7 8.Be3 c5
9.c3 b6 10.Qd2 Ba6 11.Bxa6 Nxa6 12.f4 Qh4+ 13.Kf1 f6 14.Qe2 Nc7 15.g3 Qh6
16.Nd2 Qg6 17.Ndf3 Be7 18.Kg2 O-O 19.Nh3 fxe5 20.fxe5 Rxf3 21.Qxf3 Rf8 22.Qe2 Qe4+
23.Kg1 cxd4 24.cxd4 Nxe5 25.dxe5 Rf3 26.Nf2 Rxe3 27.Qd1 Qb4 28.Kg2 Qxb2 29.Rc1 Bc5
30.Rc2 Qxe5 31.Rf1 h5 32.a4 Ne8 33.Nd3 Qe4+ 34.Rf3 Nf6 35.Nf2 Qxf3+ 36.Qxf3 Rxf3
37.Kxf3 e5 38.a5 Bxf2 39.Kxf2 bxa5 40.Ra2 Kf7 41.Rxa5 g5 42.Rxa7+ Ke6 43.h3 g4
44.hxg4 hxg4 45.Ke3 Nd7 46.Rc7 Nf6 47.Ra7 Ne4 48.Rg7 Kf5 49.Rf7+ Ke6 50.Rg7 Nf6
51.Ra7 Nh5 52.Ra6+ Kf5 53.Rd6 d4+ 54.Kf2 Nf6 55.Kg2 Ne4 56.Rd8 Nc3 57.Kf2 Ne4+
58.Kg2 Nc5 59.Kf2 Ne6 60.Rd5 Ke4 61.Rd6 Ng5 62.Rd8 Nh3+ 63.Ke2 Ng5 64.Rg8 d3+
65.Kd1 Nf3 66.Rxg4+ Ke3 67.Rg8 Kf2 68.Rd8 e4 69.g4 e3  0-1

[Event "II Open"]
[Site "San Salvador ESA"]
[Date "2003.12.13"]
[Round "7"]
[White "Hernandez Basante,F"]
[Black "Lievano,L"]
[Result "1/2-1/2"]
[WhiteElo "2268"]
[BlackElo "2083"]

1.d4 Nf6 2.Bg5 Ne4 3.Bf4 c5 4.f3 Qa5+ 5.Nd2 Nxd2 6.Bxd2 Qc7 7.d5 e6 8.e4 Bd6
9.Qe2 Be5 10.O-O-O b6 11.g3 exd5 12.f4 Ba6 13.Qf3 dxe4 14.Qg2 Bb7 15.Be3 Bf6
16.Bc4 O-O 17.g4 b5 18.Bd5 Bd4 19.Bxd4 Bxd5 20.Bxg7 Qxf4+ 21.Kb1 Bxa2+ 22.Kxa2 Kxg7
23.Nh3 Qe5 24.Rhf1 Nc6 25.Rf5 Qe6+ 26.Kb1 Nb4 27.b3 d5 28.Nf4 Qa6 29.c3 Qa3
30.cxb4 Qxb3+ 31.Qb2+ Qxb2+ 32.Kxb2 d4 33.bxc5 Rfd8 34.Nd5 d3 35.Rdf1 Rf8
36.Nf6 e3 37.Rg5+ Kh6 38.h4 e2 39.Rh5+ Kg6 40.Rg5+ Kh6  1/2-1/2

[Event "TCh-BEL 2003-4"]
[Site "Belgium BEL"]
[Date "2003.12.14"]
[Round "1"]
[White "Dal Borgo,A"]
[Black "Filipek,J"]
[Result "0-1"]
[WhiteElo "2198"]
[BlackElo "2357"]

1.d4 Nf6 2.Bg5 Ne4 3.Bf4 c5 4.d5 Qa5+ 5.c3 Qb6 6.Nd2 Nxd2 7.Qxd2 d6 8.e3 Na6
9.Nf3 Bf5 10.Be2 g6 11.O-O Bg7 12.Nh4 Bd7 13.e4 O-O 14.Rab1 Rac8 15.h3 c4
16.Rfe1 Qa5 17.a3 Rfd8 18.Bg5 Re8 19.Bg4 Bxg4 20.hxg4 Nc5 21.Nf3 Nd3 22.Re2 Qb5
23.Bh6 Bh8 24.g3 e6 25.dxe6 Rxe6 26.Ne1 Nc5 27.f3 Na4 28.Rd1 Qb3 29.Qc2 Bxc3
30.bxc3 Nxc3 31.Rc1 Nxe2+ 32.Qxe2 d5 33.Qf2 dxe4 34.fxe4  0-1

[Event "ch-IND National A"]
[Site "Calicut IND"]
[Date "2003.12.14"]
[Round "15"]
[White "Sareen,V"]
[Black "Harikrishna,P"]
[Result "0-1"]
[WhiteElo "2367"]
[BlackElo "2570"]

1.d4 Nf6 2.Bg5 Ne4 3.Bf4 d6 4.f3 Nf6 5.e4 c5 6.d5 e5 7.Be3 Be7 8.c4 Nh5 9.Nc3 Na6
10.Nge2 Nc7 11.Qd2 h6 12.g3 Rb8 13.O-O-O b5 14.f4 Nf6 15.fxe5 b4 16.exf6 bxc3
17.Nxc3 Bxf6 18.Bd3 Na6 19.a3 Rb3 20.Qc2 Qb6 21.Bd2 Bd7 22.Rdf1 Be5 23.Be2 Qb7
24.Nb5 Rxb5 25.cxb5 Nc7 26.Bc3 Bxc3 27.Qxc3 O-O 28.Rf2 Bxb5 29.Bxb5 Nxb5
30.Qc4 Nd4 31.Rhf1 Qe7 32.Re1 Qe5 33.Qc3 Rb8 34.Qe3 f6 35.Qf4 Qe7 36.h4 c4
37.Qe3 Nb3+ 38.Kb1 Nc5 39.Rc1 Rb3 40.Qd4 Qb7 41.Qxc4 Rxa3 42.g4 Ra4 43.Qc2 Qa6
44.Qc3 Ra1+ 45.Kc2 Qa4+ 46.b3 Qa2+  0-1

[Event "II Open"]
[Site "San Salvador ESA"]
[Date "2003.12.14"]
[Round "9"]
[White "Hernandez Basante,F"]
[Black "Batres,F"]
[Result "1/2-1/2"]
[WhiteElo "2268"]
[BlackElo "2145"]

1.d4 Nf6 2.Bg5 Ne4 3.Bf4 c5 4.f3 Nf6 5.d5 d6 6.e4 Nbd7 7.Nc3 a6 8.a4 g6 9.Qd2 h5
10.Bc4 Bg7 11.Nge2 h4 12.O-O Nh5 13.Bg5 Ne5 14.Ba2 h3 15.g3 b5 16.axb5 axb5
17.Nxb5 Qb6 18.c4 Rxa2 19.Rxa2 Nxc4 20.Qd3 Ne5 21.Nc7+ Qxc7  1/2-1/2

[Event "6th Masters"]
[Site "Belfort FRA"]
[Date "2003.12.15"]
[Round "1"]
[White "Bauer,Ch"]
[Black "Le Roux,JP"]
[Result "1-0"]
[WhiteElo "2602"]
[BlackElo "2480"]

1.d4 Nf6 2.Bg5 Ne4 3.Bf4 d5 4.e3 Nc6 5.Bd3 f5 6.Nc3 e6 7.Bxe4 dxe4 8.Nb5 Bd6
9.Qh5+ g6 10.Qh6 Qe7 11.Nxd6+ cxd6 12.Ne2 Bd7 13.d5 exd5 14.Nc3 Be6 15.O-O-O O-O-O
16.Bg5 Qf8 17.Qxf8 Rdxf8 18.Nxd5 Kd7 19.Bf4 Ne5 20.Nc3 Kc6 21.Rxd6+ Kxd6
22.Rd1+ Ke7 23.Bxe5 a6 24.a4 g5 25.Rd4 Rhg8 26.Bd6+ Kf6 27.Bxf8 Rxf8 28.Rb4 Rf7
29.Kd2 Rd7+ 30.Ke1 Rc7 31.Rb6 Ke5 32.Ne2 Bd7 33.Nd4 Bxa4 34.Re6+ Kd5 35.b3 Bd7
36.c4+ Kc5 37.Re7 Kd6 38.Rxh7 Rc5 39.Rg7 f4 40.Kd2 b5 41.Rg6+ Kc7 42.Rxa6 bxc4
43.b4 Re5 44.Ra5  1-0

[Event "3rd NAO GM"]
[Site "Paris FRA"]
[Date "2003.12.18"]
[Round "4"]
[White "Vandevoort,P"]
[Black "Vachier Lagrave,M"]
[Result "1-0"]
[WhiteElo "2363"]
[BlackElo "2412"]

1.d4 Nf6 2.Bg5 Ne4 3.Bf4 c5 4.d5 Qb6 5.Nd2 Qxb2 6.Nxe4 Qb4+ 7.Qd2 Qxe4 8.e3 g5
9.f3 Qf5 10.Bg3 d6 11.Bd3 Qf6 12.Rb1 b6 13.Ne2 Bb7 14.O-O Bg7 15.f4 g4 16.e4 Nd7
17.a4 e6 18.e5 Qe7 19.dxe6 fxe6 20.Nc3 dxe5 21.fxe5 O-O-O 22.Qe2 c4 23.Be4 Rhf8
24.Rfe1 Bxe4 25.Qxe4 Kb8 26.Nb5 Nc5 27.Qxc4 Rd2 28.Nd6 Qc7 29.a5 Qc6 30.Re2 Rxe2
31.Qxe2 Na4 32.axb6 Nxb6 33.Bf2 Kc7 34.Nb5+ Kd7 35.Nxa7 Qc4 36.Qxc4 Nxc4
37.Rb7+ Ke8 38.Rxg7  1-0

[Event "3rd Amplico AIG Life Q/F"]
[Site "Warsaw POL"]
[Date "2003.12.21"]
[Round "2"]
[White "Aleksandrov,A"]
[Black "Moiseenko,A"]
[Result "1-0"]
[WhiteElo "2664"]
[BlackElo "2618"]

1.d4 Nf6 2.Bg5 Ne4 3.Bf4 c5 4.f3 Qa5+ 5.c3 Nf6 6.Nd2 cxd4 7.Nb3 Qd8 8.cxd4 g6
9.e4 Bg7 10.Qd2 O-O 11.Bd3 d6 12.Ne2 Nc6 13.Be3 a5 14.O-O a4 15.Nbc1 a3 16.b4 e5
17.d5 Ne7 18.Nb3 Ne8 19.Na5 f5 20.Nc4 Nf6 21.Bb6 Qd7 22.Nc3 f4 23.Bf2 Qd8
24.Nb5 Ra6 25.Nbxa3 g5 26.b5 Rxa3  1-0

[Event "24th Open"]
[Site "Bethune FRA"]
[Date "2003.12.26"]
[Round "1"]
[White "Levers,T"]
[Black "Steenbekkers,F"]
[Result "0-1"]
[WhiteElo "2018"]
[BlackElo "2184"]

1.d4 Nf6 2.Bg5 Ne4 3.Bf4 c5 4.f3 Qa5+ 5.c3 Nf6 6.Nd2 cxd4 7.Nb3 Qb6 8.Qxd4 Nc6
9.Qxb6 axb6 10.Be3 d5 11.Bxb6 e5 12.Nh3 d4 13.e4 Bxh3 14.gxh3 Nd7 15.Bxd4 exd4
16.Nxd4 Bc5 17.Nxc6 bxc6 18.Kd2 O-O 19.b4 Bb6 20.a4 Ne5 21.Be2 f5 22.a5 Rad8+
23.Kc2 Be3 24.Kb3 fxe4 25.fxe4 Rf2 26.Ra2 Ba7 27.Rf1 Rxf1 28.Bxf1 Nd3 29.Rg2 Ne5
30.c4 Rd4 31.b5 cxb5 32.cxb5 Bc5 33.b6 Rb4+ 34.Kc3 Nc6 35.Bc4+ Kf8 36.Rg5 Bd4+
37.Kd3 Bf6 38.Rb5 Ne5+ 39.Ke2 Rxc4 40.b7 Nc6 41.b8=Q+ Nxb8 42.Rxb8+ Kf7 43.Kd3 Rc3+
44.Ke2 Rxh3 45.a6 Ra3 46.Rb6 h5 47.Rb5 h4 48.Rb6 Be5 49.Rb7+ Kg6 50.Rb6+ Kg5
51.h3 Kf4 52.Rg6 Rxh3  0-1

[Event "12th Donau Open"]
[Site "Aschach GER"]
[Date "2003.12.27"]
[Round "3"]
[White "Zwettler,M"]
[Black "Studnicka,T"]
[Result "1/2-1/2"]
[WhiteElo "2193"]
[BlackElo "2320"]

1.d4 Nf6 2.Bg5 Ne4 3.Bf4 d5 4.e3 Nd7 5.c4 e6 6.f3 Bb4+ 7.Ke2 Nef6 8.Kf2 O-O
9.Nc3 dxc4 10.Bxc4 Nb6 11.Bb3 Nbd5 12.Nxd5 exd5 13.a3 Ba5 14.g4 Re8 15.Ne2 Qe7
16.Qd3 c6 17.Bc2 g6 18.Ng3 Bc7 19.g5 Bxf4 20.exf4 Nd7 21.Rae1 Qd8 22.Rxe8+ Qxe8
23.f5 Nf8 24.h4 Qd8 25.Qe3 Qb6 26.b4 Bd7 27.h5 Re8 28.Qf4 gxf5 29.Bxf5 Qd8
30.Bxd7 Qxd7 31.Nf5 Qe6 32.Nh6+ Kg7 33.Nf5+ Kg8 34.Nh6+ Kg7 35.Nf5+ Kg8 36.Nh6+  1/2-1/2

[Event "Christmas Open"]
[Site "Zurich SUI"]
[Date "2003.12.27"]
[Round "3"]
[White "Skembris,S"]
[Black "Golod,V"]
[Result "0-1"]
[WhiteElo "2439"]
[BlackElo "2544"]

1.d4 Nf6 2.Bg5 Ne4 3.Bf4 d5 4.e3 c5 5.Bd3 Nf6 6.dxc5 Nc6 7.Bb5 Bd7 8.Nc3 e6
9.Bxc6 Bxc6 10.Qd4 a5 11.Nf3 Nd7 12.Bd6 Qf6 13.O-O-O Qxd4 14.exd4 Bxd6 15.cxd6 f6
16.Rhe1 Kf7 17.h4 Rhe8 18.Nd2 Nb6 19.Nb3 Nc4 20.d7 Bxd7 21.Nc5 Bc6 22.h5 b6
23.Nd3 Rac8 24.Nf4 Bd7 25.a4 Nd6 26.Rd3 Rc7 27.f3 Rec8 28.g4 Rc4 29.Kd2 b5
30.b3 R4c7 31.axb5 Nxb5 32.Nfe2 Nd6 33.Ra1 a4 34.bxa4 Nc4+ 35.Kc1 Ra8 36.Nb1 Bxa4
37.Rc3 Rca7 38.Nd2 Bb5 39.Rxa7+ Rxa7 40.Nxc4 Bxc4 41.Kd2 e5 42.dxe5 fxe5
43.Re3 Kf6 44.Nc3 Ra1 45.Re1 Rxe1 46.Kxe1 Kg5 47.Kf2 Kf4 48.Nd1 d4 49.c3 Bd5
50.h6 gxh6 51.cxd4 exd4 52.Nb2 Bxf3 53.Nd3+ Ke4 54.Nc5+ Kd5 55.Nd7 Be4 56.Ke2 Kd6
57.Nf6 Ke5 58.Ng8 Kf4 59.Nxh6 Bg6 60.Kf2 d3 61.Ng8 Be4 62.Nf6 Bf3  0-1

[Event "12th Donau Open"]
[Site "Aschach GER"]
[Date "2003.12.28"]
[Round "4"]
[White "Aschenbrenner,R"]
[Black "Wegener,D"]
[Result "1/2-1/2"]
[WhiteElo "2243"]
[BlackElo "2358"]

1.d4 Nf6 2.Bg5 Ne4 3.Bf4 d5 4.e3 e6 5.Bd3 b6 6.Bxe4 dxe4 7.Nc3 Bb7 8.Qg4 Na6
9.a3 Qd7 10.f3 h5 11.Qg5 exf3 12.Nxf3 f6 13.Qg6+ Qf7 14.Qxf7+ Kxf7 15.O-O Bd6
16.Bxd6 cxd6 17.e4 Nc7 18.Rad1 Rad8 19.Rf2 h4 20.h3 Rh5 21.Nd2 Ke7  1/2-1/2

[Event "2nd Open"]
[Site "Nantes FRA"]
[Date "2003.12.28"]
[Round "5"]
[White "Prie,E"]
[Black "Istratescu,A"]
[Result "1/2-1/2"]
[WhiteElo "2429"]
[BlackElo "2595"]

1.d4 Nf6 2.Bg5 Ne4 3.Bf4 d5 4.e3 c6 5.Bd3 Nd6 6.Nd2 Nd7 7.Ne2 g6 8.h4 h5
9.c3 Bg7 10.Nf3 Nf6 11.Ng5 Bf5  1/2-1/2

[Event "It"]
[Site "Pamplona ESP"]
[Date "2003.12.28"]
[Round "7"]
[White "McShane,L"]
[Black "Sutovsky,E"]
[Result "1-0"]
[WhiteElo "2649"]
[BlackElo "2646"]

1.d4 Nf6 2.Bg5 Ne4 3.Bf4 d5 4.e3 c5 5.Bd3 Nf6 6.dxc5 Nc6 7.Bb5 e6 8.Bxc6+ bxc6
9.b4 a5 10.c3 Ne4 11.f3 Nxc3 12.Nxc3 axb4 13.Na4 Ba6 14.Nb6 Ra7 15.Qd4 f6
16.Qxb4 e5 17.Bg3 Bb5 18.Kf2 Ra6 19.Qc3 d4 20.exd4 exd4 21.Re1+ Kf7 22.Qb3+ Kg6
23.a4 d3 24.axb5 Bxc5+ 25.Kf1 Ra3 26.Qc4 d2 27.Rd1 Re8 28.Qc2+ Kf7 29.Nc4 Rd3
30.Nd6+ Bxd6 31.Qxd3 Bxg3 32.Qc4+ Re6 33.hxg3 cxb5  1-0

[Event "2nd Open"]
[Site "Nantes FRA"]
[Date "2003.12.29"]
[Round "7"]
[White "Prie,E"]
[Black "Gerard,N"]
[Result "1/2-1/2"]
[WhiteElo "2429"]
[BlackElo "2272"]

1.d4 Nf6 2.Bg5 Ne4 3.h4 c5 4.dxc5 Qa5+ 5.Nd2 Nxg5 6.hxg5 g6 7.c3 Qxc5 8.Ngf3 Bg7
9.e3 Nc6 10.a4 d5 11.a5 h5 12.gxh6 Rxh6 13.Rxh6 Bxh6 14.Qa4  1/2-1/2

[Event "12th Donau Open"]
[Site "Aschach GER"]
[Date "2003.12.31"]
[Round "7"]
[White "Zwettler,M"]
[Black "Orel,O"]
[Result "0-1"]
[WhiteElo "2193"]
[BlackElo "2367"]

1.d4 Nf6 2.Bg5 Ne4 3.Bf4 d6 4.f3 Nf6 5.e4 c6 6.Nc3 Qb6 7.Qd2 Qxb2 8.Rb1 Qa3
9.e5 Nd5 10.Nxd5 cxd5 11.c3 dxe5 12.Bxe5 a6 13.Bd3 Nc6 14.Bc7 e6 15.f4 b5
16.Nf3 Qe7 17.Bb6 Qb7 18.Bc5 Bxc5 19.dxc5 Qe7 20.Qe3 Ra7 21.O-O Rc7 22.a4 bxa4
23.Rb6 Nd8 24.Bxa6 Bxa6 25.Rxa6 Qxc5 26.Qxc5 Rxc5 27.Rc1 Rc4 28.g3 O-O 29.Nd2 Rc6
30.Rxa4 Nb7 31.c4 dxc4 32.Raxc4 Rxc4 33.Rxc4 Nd6 34.Rc7 h6 35.Nc4 Nxc4 36.Rxc4 Rd8
37.Rc2 g5 38.fxg5 hxg5 39.Rc5 Rd5 40.Rc2 Kg7 41.Kg2 f5 42.Re2 Kf6 43.Kf2 Rd3
44.Kg2 f4 45.gxf4 gxf4 46.Ra2 Kf5 47.Ra8 Rd2+ 48.Kg1 e5 49.Rg8 e4 50.Re8 f3  0-1

[Event "33rd Rilton Cup"]
[Site "Stockholm SWE"]
[Date "2004.01.05"]
[Round "9"]
[White "Franssila,T"]
[Black "Wikstrom,J"]
[Result "1-0"]
[WhiteElo "2273"]
[BlackElo "2191"]

1.d4 Nf6 2.Bg5 Ne4 3.Bf4 c5 4.f3 Qa5+ 5.c3 Nf6 6.d5 d6 7.e4 g6 8.Bd3 Bg7
9.Ne2 O-O 10.Nd2 Nbd7 11.Nc4 Qc7 12.a4 b6 13.Rc1 a6 14.b4 Bb7 15.h3 Nh5 16.Bh2 f5
17.g4 fxe4 18.fxe4 b5 19.axb5 axb5 20.Na5 Nhf6 21.Nf4 Qb6 22.Nxb7 Qxb7 23.Ne6 Rfc8
24.O-O Ra3 25.Qf3 Qa7 26.Kh1 cxb4 27.g5 Nh5 28.Qf7+ Kh8 29.Nxg7 Nxg7 30.Bxb5 Rg8
31.Qxe7 Ne5 32.Qxd6 Nf7 33.Qf6 Nd8 34.Be5 bxc3 35.Rxc3 Rxc3 36.Bxc3 Qc5 37.Bd7 Qa3
38.d6 Nb7 39.Qxg7+  1-0

[Event "10th Open"]
[Site "Bosnjaci CRO"]
[Date "2004.01.08"]
[Round "9"]
[White "Drazic,S"]
[Black "Ascic,P"]
[Result "1-0"]
[WhiteElo "2499"]
[BlackElo "2317"]

1.d4 Nf6 2.Bg5 Ne4 3.Bf4 d5 4.f3 Nf6 5.Nc3 e6 6.e4 Bb4 7.e5 Nfd7 8.a3 Be7
9.Be3 a6 10.f4 Nf8 11.Nf3 g6 12.Qd2 b6 13.Be2 Bb7 14.O-O Nc6 15.Nd1 Nd7 16.Nf2 Bf8
17.h3 Bg7 18.Nd3 Ne7 19.Bf2 a5 20.Bh4 O-O 21.g4 Qe8 22.Rae1 c5 23.c3 Rc8
24.Nf2 c4 25.Bd1 b5 26.Nh1 Rc6 27.Rf2 f5 28.exf6 Nxf6 29.Ng5 Ne4 30.Nxe4 dxe4
31.Bxe7 Qxe7 32.Bc2 Rd6 33.Bxe4 b4 34.axb4 axb4 35.Ng3 bxc3 36.bxc3 Qh4 37.Kg2 Bd5
38.Qe2 Qd8 39.g5 Qa5 40.Qe3 Rb6 41.Bxd5 Qxd5+ 42.Kh2 Ra8 43.Ne4 Re8 44.Ree2 Rc6
45.h4 Kh8 46.Rf3 Qf5 47.Rg2 Rf8 48.Rff2 Qd5 49.Rg3 Qf5 50.Qe2 Rc7 51.Re3 Rc6
52.Ng3 Qd5 53.h5 gxh5 54.Nxh5 Ra8 55.Nxg7 Kxg7 56.Re5 Qd6 57.Qh5 Ra7 58.Qh6+ Kh8
59.Qf6+ Kg8 60.g6 h6 61.d5 Rc8 62.g7  1-0

[Event "CXSP"]
[Site "Sao Paulo BRA"]
[Date "2004.01.09"]
[Round "3"]
[White "Vera,IJ"]
[Black "Tsuboi,E"]
[Result "0-1"]
[WhiteElo "2338"]
[BlackElo "2344"]

1.d4 Nf6 2.Bg5 Ne4 3.Bh4 c5 4.f3 g5 5.fxe4 gxh4 6.e3 Bh6 7.Kf2 cxd4 8.exd4 e5
9.Nf3 Nc6 10.c3 d6 11.Bb5 O-O 12.Bxc6 bxc6 13.dxe5 Qb6+ 14.Qd4 Qxb2+ 15.Nbd2 dxe5
16.Qd3 Qb6+ 17.Ke2 Rd8 18.Qc2 Qe3+ 19.Kd1 Bg4  0-1

[Event "TCh-CZE Extraliga 2003-4"]
[Site "Czech Rep CZE"]
[Date "2004.01.10"]
[Round "5"]
[White "Meduna,E"]
[Black "Navara,D"]
[Result "1/2-1/2"]
[WhiteElo "2432"]
[BlackElo "2604"]

1.d4 Nf6 2.Bg5 Ne4 3.Bf4 d5 4.e3 c5 5.c3 Nc6 6.Nd2 Bf5 7.Nxe4 Bxe4 8.Nf3 e6
9.Bd3 Bxd3 10.Qxd3 cxd4 11.exd4 Be7 12.O-O O-O 13.Rfe1 a6 14.Ne5 Nxe5 15.Bxe5 Bf6
16.Bxf6 Qxf6 17.a4 b6 18.h3 Rfc8 19.b3 Qg6 20.Qd2 Rc6 21.a5 b5 22.b4 Kf8
23.Re3 Qh6 24.Rd1 Ke7 25.f4 g6 26.Rf1 Kd7 27.Qe1 Rg8 28.Rff3 Qf8 29.Qh4 Rc8
30.Qf6 Qg7 31.Qxg7 Rxg7 32.h4 f5 33.Rh3 h6 34.Kf2 Rcg8 35.Reg3 Ke7 36.Re3 Kf7
37.Rh1 h5  1/2-1/2

[Event "Open"]
[Site "Auckland NZL"]
[Date "2004.01.22"]
[Round "7"]
[White "West,G"]
[Black "Watson,B"]
[Result "1-0"]
[WhiteElo "2352"]
[BlackElo "2276"]

1.d4 Nf6 2.Bg5 Ne4 3.Bf4 c5 4.f3 Nf6 5.d5 Qb6 6.e4 d6 7.Na3 g6 8.Nc4 Qd8
9.a4 Na6 10.Ne2 Bg7 11.Qd2 h5 12.Nc3 Nd7 13.Nb5 Ne5 14.Nba3 Bd7 15.a5 O-O
16.Nxe5 Bxe5 17.Bxe5 dxe5 18.Nc4 f6 19.Qh6 Be8 20.g3 b5 21.axb6 axb6 22.Bh3 Nc7
23.O-O b5 24.Rxa8 Qxa8 25.Nb6 Qd8 26.Ra1 f5 27.Qe3 Ne6 28.dxe6 Qxb6 29.exf5 Qd6
30.Ra8 Qd4 31.Qxd4 exd4 32.Rc8 c4 33.f6 d3 34.cxd3  1-0

[Event "Itau Cup 450th Ann"]
[Site "Sao Paulo BRA"]
[Date "2004.01.22"]
[Round "7"]
[White "Toth,Chr"]
[Black "Maia,L"]
[Result "1/2-1/2"]
[WhiteElo "2344"]
[BlackElo "2273"]

1.d4 Nf6 2.Bg5 Ne4 3.Bf4 d5 4.e3 Bf5 5.f3 Nf6 6.g4 Bg6 7.h4 h6 8.Bd3 Bxd3
9.Qxd3 c5 10.Qb5+ Qd7 11.Qxd7+ Kxd7 12.c3 e6 13.Ne2 Nc6 14.Nd2 Rc8 15.Kf2 cxd4
16.exd4 Bd6 17.Rad1 Ne7 18.h5 Nh7 19.Kg3 Rc6 20.Bxd6 Kxd6 21.Nf4 Nf8 22.Rhe1 Nd7
23.Nd3 Rhc8 24.Nb3 b6 25.Re2 a5 26.a3 R6c7 27.Rde1 Rc6 28.Rf1 R6c7 29.Rd1 Ng8
30.Rde1 Rc6 31.Nf4 Ngf6 32.Nc1 Kc7 33.Ncd3 Kb7 34.Nc1 Ka6 35.Nb3 Kb7 36.Nd3 R6c7
37.Nd2 Ne8 38.Kf4 Nd6 39.Kg3 Ka6 40.Ne5 Nxe5 41.dxe5 Nc4 42.Nb3 a4 43.Nd4 Na5
44.f4 Rc4 45.Rd1 Nb3 46.Nxb3 axb3 47.Red2 Re4 48.Rd4 Rc4 49.Rxc4 Rxc4 50.Rd4 Kb5
51.Kf3 Rc8 52.Rb4+ Kc5 53.Rxb3 g6 54.a4 gxh5 55.gxh5 Rg8 56.Rb5+ Kc6 57.Rb4 Rg1
58.Rd4 Rh1 59.Kg4 Rg1+ 60.Kf3 Rh1 61.Kg4 Rg1+ 62.Kf3 Rh1 63.b4 Rh3+ 64.Kg4 Rxc3
65.f5 Rc4 66.Rxc4+ dxc4 67.fxe6 fxe6 68.Kf4 Kd5 69.a5 b5 70.Ke3  1/2-1/2

[Event "1st WinTV Open"]
[Site "Chennai IND"]
[Date "2004.01.24"]
[Round "5"]
[White "Gunasekaran,K"]
[Black "Pradeep,KR"]
[Result "1-0"]
[WhiteElo "2265"]
[BlackElo "1955"]

1.d4 Nf6 2.Bg5 Ne4 3.Bf4 d6 4.Nf3 g6 5.e3 Bg7 6.Be2 O-O 7.O-O Nd7 8.h3 c5
9.c3 a6 10.a4 b6 11.dxc5 Nexc5 12.Nbd2 Bb7 13.Qc2 Nf6 14.Rfd1 Nfe4 15.Bh2 Nxd2
16.Nxd2 Bc6 17.Bf3 Bxf3 18.Nxf3 Qc7 19.Nd4 Qb7 20.Nb3 Nxb3 21.Qxb3 b5 22.Bg3 Rfb8
23.Rd2 b4 24.c4 Rc8 25.Rc1 Rc5 26.Qd1 Rac8 27.b3 a5 28.Rb1 Qe4 29.Rd3 Be5
30.Bxe5 Qxe5 31.Qf3 Qf5 32.Qxf5 Rxf5 33.Rbd1 Kg7 34.Kf1 Kf6 35.Ke2 Ke6 36.Rd4 Rfc5
37.e4 f5 38.f4 fxe4 39.Rxe4+ Kf6 40.Rd3 R8c7 41.g4 Rb7 42.Kf3 Rbc7 43.Red4 h5
44.Ke4 hxg4 45.hxg4 Ke6 46.Rd5 Rc8 47.Rxc5 Rxc5 48.Rd5 Rxd5 49.cxd5+ Kd7
50.Kd4 Kc7 51.Kc4 Kb6 52.g5  1-0

[Event "GMB"]
[Site "Wijk aan Zee NED"]
[Date "2004.01.24"]
[Round "12"]
[White "Fressinet,L"]
[Black "Dominguez,L"]
[Result "1/2-1/2"]
[WhiteElo "2636"]
[BlackElo "2605"]

1.d4 Nf6 2.Bg5 Ne4 3.Bf4 c5 4.f3 Qa5+ 5.c3 Nf6 6.d5 e6 7.e4 d6 8.dxe6 Bxe6
9.Na3 d5 10.Bxb8 Rxb8 11.Bb5+ Ke7 12.e5 Nd7 13.f4 g6 14.Ne2 Bg7 15.Bxd7 Kxd7
16.O-O Rbd8 17.Nc2 Kc8 18.b4 cxb4 19.Nxb4 f6 20.Nd4 Rhe8 21.Nd3 Kb8 22.Qb3 Rc8
23.Rab1 b6 24.Nb4 Bd7 25.e6 Ba4 26.Qa3 Ka8 27.Nxd5 f5 28.Nb5 Bxb5 29.Qxa5 bxa5
30.Rxb5 Bxc3 31.Rfb1 Bb4 32.a3 a6 33.Rb6 Bc5+ 34.Kf1 Bxb6 35.Nxb6+ Ka7 36.Nxc8+ Rxc8
37.Re1 Re8 38.e7 Kb6 39.Re5 Kc6 40.Rxa5 Rxe7 41.Rxa6+ Kd5 42.Ra4 Rc7 43.Kf2 Rc3
44.h3 Rb3 45.Ra7 Ke4 46.Ra4+ Kd5 47.Kg1 Rb1+ 48.Kh2 Rb3 49.h4 Rc3 50.g3 h5
51.Kh3 Rb3 52.Kg2 Rb2+ 53.Kf3  1/2-1/2

[Event "TCh-AUT 2003-4"]
[Site "Velden AUT"]
[Date "2004.01.25"]
[Round "7"]
[White "Perhinig,R"]
[Black "Baumegger,S"]
[Result "1/2-1/2"]
[WhiteElo "2228"]
[BlackElo "2374"]

1.d4 Nf6 2.Bg5 Ne4 3.Bf4 d5 4.e3 Bf5 5.Nd2 e6 6.Nxe4 dxe4 7.g4 Bg6 8.h4 h5
9.g5 Nd7 10.Bg3 c5 11.c3 Qa5 12.Qb3 O-O-O 13.Qb5 Qxb5 14.Bxb5 Nb6 15.Nh3 Bf5
16.a4 Bg4 17.a5 Nd5 18.a6 cxd4 19.axb7+ Kxb7 20.exd4 Bd6 21.Bxd6 Rxd6 22.Bc4 f6
23.gxf6 gxf6 24.Ra5 Ne7 25.Nf4 e5 26.Ne2 Nc6 27.Rb5+ Kc7 28.Rc5 Kb6 29.Rb5+ Kc7
30.Rc5 Bxe2 31.Kxe2 exd4 32.cxd4 Rxd4 33.Bb5 Kb6 34.Rxc6+ Kxb5 35.Rxf6 Rb4
36.Ke3 Rxb2 37.Ra1 Rh7 38.Rfa6 Rf7  1/2-1/2

[Event "Gibraltar Masters"]
[Site "Catalan Bay ENG"]
[Date "2004.01.29"]
[Round "3"]
[White "Bellon Lopez,JuM"]
[Black "Gallagher,Jo"]
[Result "0-1"]
[WhiteElo "2429"]
[BlackElo "2524"]

1.d4 Nf6 2.Bg5 Ne4 3.Bh4 c5 4.f3 g5 5.fxe4 gxh4 6.e3 Bh6 7.Nd2 d5 8.Qh5 Bxe3
9.exd5 Nd7 10.Nc4 Bxd4 11.Nf3 Nf6 12.Qxh4 b5 13.Nce5 a6 14.Nxd4 cxd4 15.Qxd4 Qxd5
16.Qxd5 Nxd5 17.Bd3 Bb7 18.Be4 e6 19.O-O f5 20.Bf3 Ke7 21.Rae1 Rac8 22.c3 Rc7
23.Nd3 Rd8 24.Re5 Rd6 25.Rfe1 Kf6 26.Kf2 Nb6 27.Bxb7 Rxb7 28.Rxe6+ Rxe6 29.Rxe6+ Kxe6
30.Nc5+ Kd5 31.Nxb7 Na4 32.Ke3 Nxb2 33.Kf4 Nd1 34.Kxf5 Nxc3 35.g4 Nxa2 36.g5 b4
37.Na5 Nc1 38.h4 b3 39.Nxb3 Nxb3 40.h5 Nd4+ 41.Kf6 Ne6 42.g6 h6 43.g7 Nxg7
44.Kxg7 a5 45.Kxh6 a4 46.Kg7 a3 47.h6 a2  0-1

[Event "TCh-FRA Nat1 GpB"]
[Site "Cannes FRA"]
[Date "2004.01.30"]
[Round "1"]
[White "Letreguilly,O"]
[Black "Joly,F"]
[Result "1-0"]
[WhiteElo "2258"]
[BlackElo "2137"]

1.d4 Nf6 2.Bg5 Ne4 3.Bf4 d5 4.e3 e6 5.Bd3 Nd7 6.Ne2 Be7 7.c4 c6 8.Nbc3 f5
9.Qc2 O-O 10.f3 Nxc3 11.Nxc3 Nf6 12.O-O Nh5 13.Be5 Bd6 14.Rad1 Bxe5 15.dxe5 Qb6
16.Rfe1 g6 17.Na4 Qd8 18.f4 Qe7 19.Nc3 Bd7 20.b4 Rac8 21.Qb3 Kh8 22.Be2 Ng7
23.Na4 Rfd8 24.Nc5 Be8 25.Qa3 b6 26.Nb3 a5 27.c5 axb4 28.Qxb4 b5 29.Ra1 Ra8
30.a4 bxa4 31.Rxa4 Rdb8 32.Qa3 Qb7 33.Nd4 Rxa4 34.Qxa4 Ra8 35.Qc2 Qc7 36.Rb1 Rb8
37.Kf2 g5 38.Rxb8 Qxb8 39.Qb3 Qxb3 40.Nxb3 gxf4 41.exf4 Bd7 42.Ba6 Ne8 43.Bb7 Nc7
44.Nd4 Kg7 45.Ke3 Kf7 46.h3 Ke7 47.g4 Kd8 48.Nxc6+ Bxc6 49.Bxc6 fxg4 50.hxg4  1-0